Football / Ligue 1 - le bâton de Bourbotte - Statistiques

Statistiques générales
  • Ce quiz a été pris 42 fois
  • Le résultat moyen est 13 sur 26
Statistiques - réponses
À l'issu de la saison : Club % Correct
2011-2012 Paris Saint-Germain
87%
2012-2013 Paris Saint-Germain
87%
2013-2014 Paris Saint-Germain
87%
2019-2020 Paris Saint-Germain
87%
2000-2001 Olympique Lyonnais
82%
2009-2010 Olympique Lyonnais
82%
2015-2016 Olympique Lyonnais
82%
2008-2009 Olympique de Marseille
79%
2014-2015 Olympique de Marseille
79%
2024-2025 Olympique de Marseille
79%
1999-2000 RC Lens
59%
2022-2023 RC Lens
59%
2006-2007 AS Monaco
56%
2016-2017 AS Monaco
56%
2021-2022 AS Monaco
56%
2005-2006 OGC Nice
51%
2010-2011 Toulouse FC
36%
2007-2008 Lille OSC
31%
2020-2021 Montpellier HSC
21%
2002-2003 EA Guingamp
10%
2023-2024 Stade Brestois 29
5%
2001-2002 Stade Rennais FC
5%
2017-2018 Stade Rennais FC
5%
2018-2019 RC Strasbourg Alsace
3%
2003-2004 AC Ajaccio
0%
2004-2005 AC Ajaccio
0%
Aucun quiz correspondant
Distribution des résultats
% des personnes avec chaque résultat
Percentile par nombre de réponses
Votre historique - résultats
Vous n’avez pas pris ce quiz